UM Logo

Interpretation of elements of political science / (Record no. 18700)

MARC details
000 -LEADER
fixed length control field 00548nam a22001577a 4500
008 - FIXED-LENGTH DATA ELEMENTS--GENERAL INFORMATION
fixed length control field 240118b ||||| |||| 00| 0 eng d
020 ## - INTERNATIONAL STANDARD BOOK NUMBER
International Standard Book Number 9781666871944
082 ## - DEWEY DECIMAL CLASSIFICATION NUMBER
Edition number 2024
Classification number DC 320
Item number M821
100 ## - MAIN ENTRY--PERSONAL NAME
Personal name Morgan, Derek.
9 (RLIN) 50737
245 ## - TITLE STATEMENT
Title Interpretation of elements of political science /
Statement of responsibility, etc. Derek Morgan.
260 ## - PUBLICATION, DISTRIBUTION, ETC. (IMPRINT)
Place of publication, distribution, etc. Unites States of America :
Name of publisher, distributor, etc. American Academic, Publisher,
Date of publication, distribution, etc. ©2024.
300 ## - PHYSICAL DESCRIPTION
Extent xi, 268 pages :
Other physical details illustrations ;
Dimensions 25 cm.
500 ## - GENERAL NOTE
General note Includes bibliography and index.
650 ## - SUBJECT ADDED ENTRY--TOPICAL TERM
Topical term or geographic name as entry element Political science.
9 (RLIN) 51182
942 ## - ADDED ENTRY ELEMENTS (KOHA)
Source of classification or shelving scheme Dewey Decimal Classification
Koha item type Circulation
Holdings
Withdrawn status Lost status Source of classification or shelving scheme Damaged status Not for loan Collection code Home library Current library Shelving location Date acquired Source of acquisition Cost, normal purchase price Total Checkouts Full call number Barcode Date last seen Date last checked out Price effective from Koha item type
    Dewey Decimal Classification     Circulation UM Digos College - LIC UM Digos College - LIC Book Cart 08/08/2023 Purchased 6998.00 3 DC 320 M821 2024 27773 05/15/2025 09/07/2024 01/18/2024 Circulation